| 000 | 00471nam a22001457a 4500 | ||
|---|---|---|---|
| 005 | 20251105181926.0 | ||
| 008 | 251105b |||||||| |||| 00| 0 eng d | ||
| 050 |
_aT15 _b.D4 |
||
| 100 | _aDerry, T. K. | ||
| 245 |
_aA Short History of Technology _bfrom the earliest times to A. D. 1900 _cT. K. Derry & Trevor I. Williams |
||
| 260 |
_aNew York _aOxford _bOxford University Press _c1961 |
||
| 300 |
_a782p. _bill. _c21.5cm |
||
| 700 | _aWilliams, Trevor I. | ||
| 942 |
_2lcc _cBK _n0 |
||
| 999 |
_c8107 _d8107 |
||